000 00461nam a2200157 a 4500
001 000027797
005 20200930031114.0
008 110405s1945 dr ab 000 0 spa d
040 _aDO-SdBNP
_bspa
_cBNPHU
082 _axxxx
_bW582t
100 1 _aWhite, John W.
_954874
245 1 0 _aThe land Columbus loved /
_cJohn W. White.
260 _aCiudad Trujillo, República Dominicana :
_bMontalvo,
_c1945.
300 _a42 p. :
_bil., map. ;
_c25 cm.
049 _aBNPD
999 _c27289
_d27289